Gaming Quiz

Random Gaming or Board Games Quiz

Board Game Slot Machine Quiz Stats

 Plays Quiz Updated Feb 7, 2020

     
Support Sporcle.
Go Orange.
Score 0/66 Timer 07:00
0 Plays Today
Part 1 Part 2 % Correct
Part 1Hungry Hungry Hippos
95.3%
Part 2Hungry Hungry Hippos
95.3%
Part 3Hungry Hungry Hippos
95.3%
Part 1Apples to Apples
90.7%
Part 2Apples to Apples
90.7%
Part 3Apples to Apples
90.7%
Part 1Snakes and Ladders
82.3%
Part 2Snakes and Ladders
82.3%
Part 3Snakes and Ladders
82.3%
Part 1Don't Wake Daddy
74.3%
Part 2Don't Wake Daddy
74.3%
Part 3Don't Wake Daddy
74.3%
Part 1Axis and Allies
74.3%
Part 2Axis and Allies
74.3%
Part 3Axis and Allies
74.3%
Part 1Settlers of Catan
68.4%
Part 2Settlers of Catan
68.4%
Part 3Settlers of Catan
68.4%
Part 1Ticket to Ride
68.3%
Part 2Ticket to Ride
68.3%
Part 3Ticket to Ride
68.3%
Part 1Hare and Tortoise
66.2%
Part 2Hare and Tortoise
66.2%
Part 3Hare and Tortoise
66.2%
Part 1Escape from Atlantis
61.3%
Part 2Escape from Atlantis
61.3%
Part 3Escape from Atlantis
61.3%
Part 1Figure it Out
60.7%
Part 2Figure it Out
60.7%
Part 3Figure it Out
60.7%
Part 1Merchant of Venus
51.8%
Part 2Merchant of Venus
51.8%
Part 3Merchant of Venus
51.8%
Part 1 Part 2 % Correct
Part 1Break the Safe
46.3%
Part 2Break the Safe
46.3%
Part 3Break the Safe
46.3%
Part 1Journey Through Europe
45.7%
Part 2Journey Through Europe
45.7%
Part 3Journey Through Europe
45.7%
Part 1I'm the Boss
42.2%
Part 2I'm the Boss
42.2%
Part 3I'm the Boss
42.2%
Part 1Take it Easy
40.1%
Part 2Take it Easy
40.1%
Part 3Take it Easy
40.1%
Part 1Top Secret Spies
39.3%
Part 2Top Secret Spies
39.3%
Part 3Top Secret Spies
39.3%
Part 1The Dark Tower
37.7%
Part 2The Dark Tower
37.7%
Part 3The Dark Tower
37.7%
Part 1Fury of Dracula
37.4%
Part 2Fury of Dracula
37.4%
Part 3Fury of Dracula
37.4%
Part 1War on Terror
30.5%
Part 2War on Terror
30.5%
Part 3War on Terror
30.5%
Part 1Shadows Over Camelot
29.9%
Part 2Shadows Over Camelot
29.9%
Part 3Shadows Over Camelot
29.9%
Part 1Kill Doctor Lucky
26.3%
Part 2Kill Doctor Lucky
26.3%
Part 3Kill Doctor Lucky
26.3%
Part 1Rory's Story Cubes
26%
Part 2Rory's Story Cubes
26%
Part 3Rory's Story Cubes
26%

From the Vault

Clicking Gods

by MovieGuru

How will you do? Who knows, it's a myth-stery.
Remove Ads.
Support Sporcle.
Get the best of Sporcle when you Go Orange. This ad-free experience offers more features, more stats, and more fun while also helping to support Sporcle. Thank you for becoming a member.

Show Comments

Extras

Top Quizzes Today


Score Distribution

Your Account Isn't Verified!

In order to create a playlist on Sporcle, you need to verify the email address you used during registration. Go to your Sporcle Settings to finish the process.

Report this User

Report this user for behavior that violates our Community Guidelines.

Details: